000 02336ncm0a2200457 4500
001 RU\NLR\ONIZ\213163
005 20250624205217.0
010 _a5-9720-0017-2
021 _aRU
_b06-50
_906-02
035 _aRU\NLR\ONIZ\GALA\5000026430\20151129175923
035 _a(NLR Aleph) 010985946
071 2 0 _a0012
090 _a10901829
_c10901829
100 _a20151129d2005 |||y0rusy50 ca
101 0 _arus
102 _aRU
125 _aax
200 1 _aИзбранные произведения
_bНоты
_eдля фп.
_fА. С. Аренский
_gред. В. А. Самарин
210 _aМосква
_cП. Юргенсон
_dcop. 2005
215 _a72 с.
_d29 см
225 1 _aEdition Jurgenson
300 _aПарал. рус., англ.
327 1 _a1. Скерцо : op. 8 ;
_a2. Три эскиза : op. 24 ;
_a3. Опыты с забытыми ритмами : op. 28
464 0 _12001#$aСкерцо$eop. 8
_1215##$aС.3-9
_16061#$aСкерцо для фортепиано$xНоты$yРоссия$z19-20 вв.$2nlr_sh
_1686##$aЩ954.2-056(28)$vLBC/SL$2rubbk
_tСкерцо
464 0 _12001#$aТри эскиза$eop. 24
_1215##$aС.10-41
_16061#$aЦиклы пьес для фортепиано$xНоты$yРоссия$z19 век$2nlr_sh
_1686##$aЩ954.-054(28)$vLBC/SL$2rubbk
_tТри эскиза
464 0 _12001#$aОпыты с забытыми ритмами$eop. 28
_1215##$aС.42-70
_1686##$aЩ 954.2-054(28)$vLBC/SL$2rubbk
_tОпыты с забытыми ритмами
606 1 _aРусская фортепианная музыка
_yРоссия
_z2-я половина 19 в.
_jНоты
_2shnlr
686 _aЩ954.2я44(28)
_vLBC/SL
_2rubbk
700 1 _9z02790
_aАренский
_bА. С.
_f1861-1906
_gАнтон Степанович
_4230
_7ca
702 1 _9z01790
_aСамарин
_bВ. А.
_f1951-
_gВладимир Аркадьевич
_4340
_7ca
790 1 _9z01702
_aSamarin
_bV. A.
_f1951-
_gVladimir Arkadyevich
_4340
790 1 _9z02700
_aArenskij
_bA. S.
_f1861-1906
_gAnton Stepanovich
_4230
_7ba
801 0 _aRU
_bNLR
_c20151129
_gPSBO
801 1 _aRU
_bNLR
_c20151129
_2rusmarc
801 2 _aRU
_bNLR
_c20190630
852 _aNLR
_bМ
_jК-3/27852
_pМОЭ 2006-02/50
_t1
852 _aNLR
_bМ
_jК-3/27852а
_pМОЭ 2006-02/50а
_t2
942 _cSCORE
980 _aNB
980 _aONIZ